000 00678 a2200205 4500
999 _c3665
_d3665
003 Nust
005 20170105101222.0
008 161123b xxu||||| |||| 00| 0 eng d
020 _a8176291749
020 _a9788176291743
040 _aDLC
_cLOC
100 1 _aSimha, S.L.N.
245 1 0 _aDemocracy and economic growth /
_cS.L.N. Simha.
260 _a[S.l.] :
_bDeep & Deep Publications,
_c2002.
300 _a725 p. ;
_c22 cm.
500 _aHardcover.
856 4 0 _3Amazon.com
_uhttp://www.amazon.com/exec/obidos/ASIN/8176291749/chopaconline-20
856 4 0 _3Amazon customer reviews
_uhttp://www.chopac.org/cgi-bin/tools/azrev.pl?q=8176291749
942 _cBK
_k338.9 SIM
_2ddc